Arrow in the blue : (Record no. 24054)
[ view plain ]
| 000 -LEADER | |
|---|---|
| fixed length control field | 00948cam a22002771 4500 |
| 001 - CONTROL NUMBER | |
| control field | 24054 |
| 003 - CONTROL NUMBER IDENTIFIER | |
| rucl marc code | BD-RjUL |
| 005 - DATE AND TIME OF LATEST TRANSACTION | |
| control field | 20211209001014.0 |
| 008 - FIXED-LENGTH DATA ELEMENTS--GENERAL INFORMATION | |
| fixed length control field | 140312r19551952nyua 000 0aeng d |
| 035 ## - SYSTEM CONTROL NUMBER | |
| System control number | (BD-RjUL)24120 |
| 040 ## - CATALOGING SOURCE | |
| Original cataloging agency | DLC |
| Transcribing agency | OKentU |
| Modifying agency | OCoLC |
| -- | DLC |
| -- | BD-RjUL |
| Language of cataloging | eng |
| 041 ## - LANGUAGE CODE | |
| Language code of text/sound track or separate title | eng |
| 082 00 - DEWEY DECIMAL CLASSIFICATION NUMBER | |
| Classification number | 928.945113 |
| Author mark and year | KOA 1955 |
| 100 1# - MAIN ENTRY--PERSONAL NAME | |
| Personal name | Koestler, Arthur, |
| Dates associated with a name | 1905-1983. |
| 9 (RLIN) | 74098 |
| 245 10 - TITLE STATEMENT | |
| Title | Arrow in the blue : |
| Remainder of title | an autobiography / |
| Statement of responsibility, etc. | Arthur Koestler, |
| 260 ## - PUBLICATION, DISTRIBUTION, ETC. (IMPRINT) | |
| Place of publication, distribution, etc. | New York : |
| Name of publisher, distributor, etc. | Macmillan, |
| Date of publication, distribution, etc. | 1952 [Reprinted 1955] |
| 300 ## - PHYSICAL DESCRIPTION | |
| Pagination | 306p. : |
| Illustrations | illus. ; |
| Size | 22 cm. |
| 600 10 - SUBJECT ADDED ENTRY--PERSONAL NAME | |
| Personal name | Koestler, Arthur, |
| Dates associated with a name | 1905-1983. |
| 650 #0 - SUBJECT ADDED ENTRY--TOPICAL TERM | |
| Topical term or geographic name as entry element | Novelists, English |
| Chronological subdivision | 20th century |
| Form subdivision | Biography. |
| 9 (RLIN) | 63322 |
| Topical term or geographic name as entry element | Political activists |
| Geographic subdivision | Great Britain |
| Form subdivision | Biography. |
| 9 (RLIN) | 74100 |
| Topical term or geographic name as entry element | Philosophers |
| Geographic subdivision | Great Britain |
| Form subdivision | Biography. |
| 9 (RLIN) | 74101 |
| Topical term or geographic name as entry element | Journalists |
| Geographic subdivision | Great Britain |
| Form subdivision | Biography. |
| 9 (RLIN) | 74102 |
| 942 ## - ADDED ENTRY ELEMENTS (KOHA) | |
| Source of classification or shelving scheme | Dewey Decimal Classification |
| Koha item type | Books |
| Lost status | Source of classification or shelving scheme | Damaged status | Not for loan | Collection code | Permanent Location | Current Location | Shelving location | Date acquired | Source of acquisition | Cost, normal purchase price | Total Checkouts | Full call number | Date last seen | Copy number | Koha item type |
|---|---|---|---|---|---|---|---|---|---|---|---|---|---|---|---|
| Dewey Decimal Classification | Added to bundle | Non-fiction | Central Library, University of Rajshahi | Central Library, University of Rajshahi | Reading Room | 19/03/1964 | Zeitlinger | 18.00 | 928.945113 KOA 1955 | 12/03/2014 | C-1 | Books |